000 00725nam a2200181 i 4500
001 180410
003 ES-MaACL
005 20230906221104.0
008 120601s1967 sp |||| | spa d
100 1 _aRamia Martí, Juan.
_9150289
245 1 0 _aAcerca de la biosíntesis del ácido úrico y de su regulación por algunos agentes terapeúticos /
_cpor Juan Ramia Martí.
260 _aBarcelona :
_bUniversidad de Barcelona, Secretariado de Publicaciones, Intercambio Científico y Extensión Universitaria.,
_c[1967]
300 _a22 p. ;
_c24 cm.
502 _aTesis-Universidad Barcelona (Extracto)
650 4 _aÁcido úrico.
_9150290
710 2 _aUniversidad de Barcelona.
_97141
852 _aES-MaACL
_jE-15362(5)
999 _c180410
_d180410